00545nam a2200169Ia 450000500170000000800410001702000550005808200190011310000140013224500370014625000120018326000270019565000230022294200070024599900130025295201100026520260115165743.0251127s9999 xx 000 0 und d a047141235X (hardcover) | 9780471412359 (hardcover) a658.83 bKUM-E aKumar, V. 0aEssentials of Marketing Research a2nd ed. a[S.l.] :bWiley,c2005 aManagement Science cBK c675d675 001040708Management Science aAUSCbAUSCcManagement Scienced2011-10-03i687o658.83 KUM-EpP8822yBK